El Servei de Biblioteques del Front, 1936-1939 / Maria C. Cugueró i Conchello, Maria Teresa Boada i Vilallonga, Vicenç Allué i Blanch
Publicado:
Barcelona :
Diputació de Barcelona. Escola Universitària Jordi Rubió i Balaguer de Biblioteconomia i Documentació ,
1995
Descripción Física:
308 p. : il. ; 23 cm
Colección:
Quaderns de treball ; 14
MARC
| LEADER | 00000nam a2200000Ia 4500 | ||
|---|---|---|---|
| 001 | 11172 | ||
| 008 | 160829s1995 xx 000 0 cat d | ||
| 080 | |a A-1-300 | ||
| 100 | |a Cugueró i Conchello, Maria |9 28301 | ||
| 245 | |a El Servei de Biblioteques del Front, 1936-1939 / Maria C. Cugueró i Conchello, Maria Teresa Boada i Vilallonga, Vicenç Allué i Blanch | ||
| 260 | |a Barcelona : |b Diputació de Barcelona. Escola Universitària Jordi Rubió i Balaguer de Biblioteconomia i Documentació, |c 1995 | ||
| 300 | |a 308 p. : |b il. ; |c 23 cm | ||
| 490 | |a Quaderns de treball ; 14 | ||
| 590 | |a Amb el suport del Servei de Cultura de la Diputació de Barcelona i del Centre d' Història Contemporània de Catalunya. | ||
| 610 | 1 | 0 | |a Catalunya. |b Servei de Biblioteques del Front |9 53093 |
| 650 | |a Catalunya |x Història |x 1936/1939, Guerra Civil |x Biblioteques |9 34861 | ||
| 650 | |a Biblioteques ambulants |x Catalunya |x Història |9 34862 | ||
| 700 | |a Boada i Vilallonga, Maria Teresa |9 34864 | ||
| 700 | |a Allué, Vicenç |9 42561 | ||
| 710 | 2 | |a Escola Universitària Jordi Rubió i Balaguer de Biblioteconomia i Documentació |9 54300 | |
| 901 | |a Arxiu | ||
| 942 | |n 1 | ||
| 952 | |0 0 |1 0 |4 0 |6 A1300 |7 1 |9 46668 |a Arxiu |b Arxiu |d 2016-12-01 |l 0 |o A-1-300 |p 11172 |r 2016-12-01 00:00:00 |w 2016-12-01 |y ARXIU | ||
| 999 | |c 50461 |d 50461 | ||